LEADER 01234nam a2200265 i 4500 001 000000158863 003 CaOOAMICUS 005 20070213000000.0 008 070213s2002 it u000 u ita u 013 $a136226 040 $aSeMil$bita 100 0 $aIoannes Paulus II,$c.$0(OLS)http://semarc/name/646 245 10$a[San Pietro Martire :$blettera del Sommo Pontefice nel 750. anniversario del Martirio /$cGiovanni Paolo 2.]. 260 $a[Venegono Inferiore (VA)] :$bSeminario Arcivescovile di Milano,$cstampa 2002. 300 $a11 p. ;$c18 cm. 650 4$aGiovanni Paolo I - Scritti e discorsi.$0(OLS)http://semarc/subject/16755 850 $aSeMil 852 $aSeMil$W1$xVenegono$y1$m5C VI 10/7$j110467$B110467$CSeMilBibl$Z2$F120086 $81 900 1 $aWojtyla, Karol,$d<1920-2005>. 900 0 $aGiovanni Paolo II$c. 961 $aRecupero: Altro 996 $6245$a[San Pietro Martire :$blettera del Sommo Pontefice nel 750. anniversario del Martirio$9(OLS)http://semarc/title/140567 996 $6260$a[Venegono Inferiore (VA)] :$bSeminario Arcivescovile di Milano$9(OLS)http://semarc/publisher/40174 LEADER 00916nam a2200193 i 4500 001 000000256715 003 CaOOAMICUS 005 20171219000000.0 008 171219s1731 it u000 u ita u 013 $a235623 026 $an-ro eae, heto tid' (3) 1731 (R) 040 $aSeMil$bita 245 10$aParte seconda. Contiene l'istoria letteraria o sia La notizia de' scrittori veronesi. 300 $aXXXV, [1], 563, [1] p., [13] carte di tav. in parte ripieg. :$bill. 500 $aSegn.: *8 2*10 A-2L8 2M10. 773 0 $aMaffei, Scipione <1675-1755>$tVerona illustrata. Parte 1. [-4. ed ultima].$dIn Verona : per Jacopo Vallarsi, e Pierantonio Berno, 1731-1732.$g2$w()11716 850 $aSeMil 852 $aSeMil$W1$xVenegono$y1$m3S III 163 FA$j207061$B207061$CSeMilBibl$Z2$F220505 $8I 996 $6245$aParte seconda. Contiene l'istoria letteraria o sia La notizia de' scrittori veronesi$9(OLS)http://semarc/title/412409